Catching the development train (Record no. 65645)

MARC details
000 -LEADER
fixed length control field 01201cam a2200217 4500
001 - CONTROL NUMBER
control field ABS63363
008 - FIXED-LENGTH DATA ELEMENTS--GENERAL INFORMATION
fixed length control field 000000n2000 000 0 eng u
035 ## - SYSTEM CONTROL NUMBER
System control number (Sirsi) u110053
100 ## - MAIN ENTRY--PERSONAL NAME
Personal name Watson, S
245 ## - TITLE STATEMENT
Title Catching the development train
260 ## - PUBLICATION, DISTRIBUTION, ETC.
Date of publication, distribution, etc. 2000
490 ## - SERIES STATEMENT
Series statement Property Week
Volume/sequential designation 65(47) 1 December 2000, 39-40(3)
520 ## - SUMMARY, ETC.
Summary, etc. Describes how the new rail franchises will open up more opportunities for property developers. This is because the new franchises are for 20 years rather than the 7 years of the old franchises. These new franchises are seen as a huge opportunity to improve the railways as the new TOCs will be able to make a serious return on their investments, not only in rolling stock, but also in development opportunities in and around stations. The article also outlines some of the difficulties that may be involved with rail property development as any projects must keep disruption of the operation of the railway service to an absolute minimum.
590 ## - LOCAL NOTE (RLIN)
Local note ABS
650 ## - SUBJECT ADDED ENTRY--TOPICAL TERM
Topical term or geographic name entry element RAIL FRANCHISES
650 ## - SUBJECT ADDED ENTRY--TOPICAL TERM
Topical term or geographic name entry element RAIL DEVELOPMENT
650 ## - SUBJECT ADDED ENTRY--TOPICAL TERM
Topical term or geographic name entry element TRAIN OPERATING COMPANIES
650 ## - SUBJECT ADDED ENTRY--TOPICAL TERM
Topical term or geographic name entry element PROPERTY DEVELOPMENT
690 ## - LOCAL SUBJECT ADDED ENTRY--TOPICAL TERM (OCLC, RLIN)
Topical term or geographic name as entry element TRANSPORT AND COMMUNICATIONS
942 ## - ADDED ENTRY ELEMENTS (KOHA)
Suppress in OPAC 0
Holdings
Withdrawn status Lost status Source of classification or shelving scheme Damaged status Not for loan Home library Current library Shelving location Date acquired Total Checkouts Full call number Barcode Date last seen Copy number Price effective from Koha item type
    Dewey Decimal Classification     London London Journal article 02/01/2001   ABS63363 110053-1001 06/08/2019 1 06/08/2019 Journal article